Most Religiously Diverse Countries in the World - Statistics

General Stats
  • This quiz has been taken 69 times
  • The average score is 4 of 10
Answer Stats
Hint Answer % Correct
82.41% United States
97%
82.11% Australia
72%
86.03% South Africa
64%
81.10% New Zealand
58%
78.86% Lebanon
23%
79.16% Central African Republic
14%
79.10% Suriname
14%
79.87% Ghana
13%
79.36% Trinidad and Tobago
13%
81.92% Malawi
8%
No matching quizzes found
Score Distribution
Percent of People with Each Score
Percentile by Number Answered
Your Score History
You have not taken this quiz